Hit singles beginning with A - Statistics

General Stats
  • This quiz has been taken 21 times
  • The average score is 5 of 15
Answer Stats
Hint Answer % Correct
1983 hit for Lionel Richie All Night Long
62%
1984 Party hit for Black Lace Agadoo
54%
1967 number 1 for the Beatles All You Need Is Love
54%
1982 number 1 single for German singer Nicole A Little Peace
46%
1975 hit for Steeleye Span All Around My Hat
38%
1981 top 10 single for Adam & The Ants Antmusic
38%
1978 number 4 hit for The Motors Airport
31%
1966 top 10 hit for Cilla Black Alfie
31%
1995 number 2 hit for Supergrass Alright
31%
1980 number 7 hit for Queen Another One Bites The Dust
31%
Title of 1979 hits for Abba & Roxy Music Angel Eyes
23%
2007 number 2 hit for 50 Cent & Justin Timberlake Ayo Technology
23%
Title of hits for Earth, Wind & Fire and Steps After The Love Has Gone
15%
1980 hit for Squeeze Another Nail In My Heart
15%
1978 top 10 hit for Dee D. Jackson Automatic Lover
15%
No matching quizzes found
Score Distribution
Percent of People with Each Score
Percentile by Number Answered
Your Score History
You have not taken this quiz